000 01943cam a2200325 a 4500
001 14943525
005 20080718104058.0
008 070727s2008 nyu b 000 0 eng
010 _a 2007030627
020 _a0007247451
035 _a(OCoLC)ocn162118849
035 _a(OCoLC)162118849
_z(OCoLC)156818257
040 _aDLC
_cDLC
_dDLC
050 0 0 _aBF575.S75
_bG655 2008
082 0 0 _a155.9042
_222
_bGRA
100 1 _aGray, John,
_d1951-
245 1 0 _aWhy Mars & Venus collide :
_bimproving relationships by understanding how men and women cope differently with stress /
_cJohn Gray.
246 3 _aWhy Mars and Venus collide
260 _aNew York :
_bCollins,
_cc2008.
300 _axix, 249 p. ;
_c24 cm.
504 _aIncludes bibliographical references (p. 235-238).
505 0 _aWhy Mars and Venus collide -- Hardwired to be different -- Stress hormones -- A woman's never-ending to-do list -- The 90/10 solution -- Mr. Fix-it -- The anatomy of a fight -- How to stop fighting and make up -- Talk about feelings in a fight-free zone -- Looking for love in all the right places -- Creating a lifetime of love -- Reducing stress through cellular cleansing -- Creating the brain chemicals of health, happiness, and romance -- Mars/Venus coaching & counseling.
520 _aIn Why Mars and Venus Collide, Gray focuses on the ways that men and women misinterpret and mismanage the stress in their daily lives, and how these reactions ultimately affect their relationships.
650 0 _aStress (Psychology)
650 0 _aMan-woman relationships.
650 0 _aInterpersonal relations.
942 _2ddc
_cBB
999 _c10981
_d10981